Obálka Náhled e-knihy:
PDF Epub
Pro půjčování e-knih musíte být přihlášeni.
Jak si půjčit online?

Táto krajina nie je pre slobodných /

Belvedere, dedinka v toskánskych kopcoch, zažíva vzrušenie: Charles Bingley prichádza z Anglicka, aby sa ujal svojho dedičstva, panstva Mirabelky. Táto správa rozpúta vlnu nadšenia medzi potenciálnymi svokrami, ktoré sa snažia dať svoje dcéry dokopy s Charlesom alebo s jeho priateľom Michaelom D’Arc...

Celý popis

Uloženo v:
Hlavní autor: Kingsley, Felicia (Autor)
Médium: E-kniha
Jazyk:Czech
Vydáno: Praha : Albatros Media Slovakia s.r.o., 2025
Tagy:
Žádné tagy
LEADER 01563nam a22002297i 4500
001 303219
007 ta
008 260518s2025 xr ||||| |||| 00| 0 cze d
020 |a 9788056643914 
044 |a xr 
100 1 |a  Kingsley, Felicia  |4 aut 
245 1 0 |a Táto krajina nie je pre slobodných /  |c  Kingsley, Felicia 
240 1 0 |a Non e un paese per single 
264 1 |a Praha :  |b Albatros Media Slovakia s.r.o.,  |c 2025 
300 |a 1 online zdroj (400 stran) 
336 |a text  |b txt  |2 rdacontent 
337 |a bez média  |b n  |2 rdamedia 
338 |a online zdroj  |b cr  |2 rdacarrier 
520 2 |a Belvedere, dedinka v toskánskych kopcoch, zažíva vzrušenie: Charles Bingley prichádza z Anglicka, aby sa ujal svojho dedičstva, panstva Mirabelky. Táto správa rozpúta vlnu nadšenia medzi potenciálnymi svokrami, ktoré sa snažia dať svoje dcéry dokopy s Charlesom alebo s jeho priateľom Michaelom D’Arcym. Elise je však hon na manžela ľahostajný. V detstve trávila každé leto s oboma chlapcami na panstve, kde teraz žije a vyrába víno. Snaží sa prísť na to, čo cíti k Michaelovi a čo bude s vinicou ďalej... 
910 |a RBIT002 
998 |d 426891  |a https://core.palmknihy.cz/api/books/426891/cover?tesghc  |b https://core.palmknihy.cz/api/books/426891/cover/400?tesghc  |c https://core.palmknihy.cz/api/books/426891/cover/50?tesghc  |e 2029-02-28  |g 400  |i 9788056643914  |j https://core.palmknihy.cz/api/books/426891/preview.epub  |k https://core.palmknihy.cz/api/books/426891/preview.pdf  |l   |q 49  |r 1  |s https://www.palmknihy.cz/kniha/426891  |t ebook  |y 2025  |z 1 
999 |d 303217